đŸŽ¶Paroles "Fais comme l'oiseau" Michel Fugain et le Big Bazar - Statistiques

Statistiques générales
  • Ce quiz a Ă©tĂ© pris 184 fois
  • Le rĂ©sultat moyen est 241 sur 309
Statistiques - réponses
Mots % Correct
comme
100%
l'
100%
oiseau
100%
oiseau,
100%
a
99%
d'
99%
D'
99%
et
99%
Et
99%
Fais
99%
ai
97%
eau
97%
fraĂźche,
97%
un
97%
Ça
95%
m'
95%
air
94%
de
94%
peur
94%
vit
94%
pur
93%
J'
92%
j'
92%
Ma
91%
n'
91%
peu
91%
ne
90%
plus
90%
plus,
90%
haut
89%
Mais
89%
rien
89%
aller
88%
empĂȘche,
86%
jamais
86%
pĂȘche,
81%
chasse
80%
je
79%
Je
79%
pas,
75%
pas
75%
suis
75%
du
74%
le
72%
se
71%
la
70%
perdu
70%
sais
67%
dans
65%
Dans
65%
des
61%
en
61%
on
58%
que
58%
qui
57%
seul
56%
Ce
55%
ce
55%
univers
54%
amour
51%
Par
50%
peut-
48%
Comment
46%
hiver
46%
ciel
45%
vivre
45%
y
44%
les
43%
dis
42%
ĂȘtre
42%
Est-
40%
bruit ?
39%
guerre
39%
marre
39%
sans
39%
quel
38%
crois
37%
temps
37%
aujourd'hui
36%
Cet
35%
passe,
35%
lui ?
33%
vois
32%
pays ?
31%
dont
30%
humanité
28%
parlé
28%
quelle
28%
Sous
28%
fureur
27%
trace,
25%
liberté
24%
sauveur
23%
dois
22%
fous
21%
lamenter
18%
bras ?
17%
dents ?
17%
écouter
17%
marchands
17%
chanté
16%
gueule
16%
baisser
15%
étoile,
15%
glace,
15%
roulé
15%
montrer
14%
Aucun quiz correspondant
Distribution des résultats
% des personnes avec chaque résultat
Percentile par nombre de réponses
Votre historique - résultats
Vous n’avez pas pris ce quiz